Movies that had two directors - Statistics

General Stats
  • This quiz has been taken 39 times
    35 since last reset
  • The average score is 11 of 20
Answer Stats
Directors Movie 3 - List of Movies % Correct
Coen/Coen Fargo Sin City
96%
Wachowski/Wachowski The Matrix American Splendor
89%
Miller/Rodriguez Sin City The Night of the Shooting Stars
81%
Tarantino/Rodriguez Grindhouse Finding Nemo
70%
Stanton/Unkrich Finding Nemo About a Boy
63%
Farrelly/Farrelly There's Something About Mary Grindhouse
59%
Zucker/Zucker/Abrahams Airplane! [Rec]
56%
Jeunet/Caro Delicatessen Ice Age
56%
Fleming/Cukor Gone with the Wind Crank
56%
Balagueró/Plaza [Rec] Deux jours, une nuit
52%
Neveldine/Taylor Crank The Matrix
48%
Dayton/Faris Little Miss Sunshine The Eye
48%
Dardenne/Dardenne Deux jours, une nuit Blair Witch Project
44%
Wedge/Saldanha Ice Age Delicatessen
44%
Pang/Pang The Eye Little Miss Sunshine
44%
Weitz/Weitz About a Boy Airplane!
41%
Hughes/Hughes Menace II Society Gone with the Wind
41%
Myrick/Sánchez Blair Witch Project Menace II Society
37%
Taviani/Taviani The Night of the Shooting Stars There's Something About Mary
33%
Berman/Pulcini American Splendor Fargo
30%
No matching quizzes found
Score Distribution
Percent of People with Each Score
Percentile by Number Answered
Your Score History
You have not taken this quiz since the last reset